[Event "Chess24 Banter Blitz Cup"]
[Site "chess24.com INT"]
[Date "2020.03.24"]
[Round "2.5"]
[White "Dominguez Perez, Leinier"]
[Black "Abdusattorov, Nodirbek"]
[Result "0-1"]
[WhiteTitle "GM"]
[BlackTitle "GM"]
[WhiteElo "2763"]
[BlackElo "2608"]
[WhiteFideId "3503240"]
[BlackFideId "14204118"]
[EventDate "2019.09.25"]
[EventType "blitz"]

1. e4 e5 2. Nf3 Nc6 3. Bc4 Bc5 4. c3 Nf6 5. d3 a6 6. Bb3 Ba7 7. Nbd2 O-O 8. O-O
d6 9. h3 h6 10. Re1 Re8 11. Nf1 Be6 12. Bc2 d5 13. exd5 Bxd5 14. Ng3 Qd7 15. Nh4
Rad8 16. Nhf5 Ne7 17. Rxe5 Nxf5 18. Rxf5 Re6 19. d4 Rde8 20. Bd2 c5 21. Be3 cxd4
22. Bxd4 Re1+ 23. Qxe1 Rxe1+ 24. Rxe1 Bxd4 25. cxd4 Be6 26. Rf4 Qc7 27. Rxf6
gxf6 28. Bb3 Bxb3 29. axb3 Qd7 30. Rd1 Qd5 31. Rd3 Kf8 32. Nf1 Qb5 33. Rf3 Qb6
34. d5 Qd6 35. Rd3 b5 36. Ne3 Qf4 37. d6 Ke8 38. d7+ Kd8 39. Kf1 Qe4 40. Rd1 f5
41. Nd5 Qc2 42. Ke1 Qxb3 43. Rd2 Kxd7 44. Ne3+ Ke6 45. g3 a5 46. Nc2 Kf6 47. Nd4
Qb4 48. Kd1 a4 49. Ne2 Qb3+ 50. Kc1 b4 51. Nf4 a3 52. Nd5+ Kg7 53. bxa3 bxa3 0-1

[Event "Chess24 Banter Blitz Cup"]
[Site "chess24.com INT"]
[Date "2020.03.24"]
[Round "2.6"]
[White "Abdusattorov, Nodirbek"]
[Black "Dominguez Perez, Leinier"]
[Result "1-0"]
[WhiteTitle "GM"]
[BlackTitle "GM"]
[WhiteElo "2608"]
[BlackElo "2763"]
[WhiteFideId "14204118"]
[BlackFideId "3503240"]
[EventDate "2019.09.25"]
[EventType "blitz"]

1. e4 c5 2. Nf3 d6 3. d4 cxd4 4. Nxd4 Nf6 5. Nc3 a6 6. Bd3 e5 7. Nde2 Be7 8. O-O
Be6 9. Ng3 Nc6 10. Bg5 O-O 11. Qd2 Rc8 12. Rad1 Re8 13. h3 h6 14. Bxf6 Bxf6 15.
Nd5 Bg5 16. Qe1 Ne7 17. c4 Nxd5 18. exd5 Bd7 19. Qe2 g6 20. Ne4 Qe7 21. b4 f5
22. Nxg5 Qxg5 23. Rc1 e4 24. Bb1 f4 25. Bxe4 Bxh3 26. f3 Bf5 27. c5 Bxe4 28.
fxe4 Qxd5 29. exd5 Rxe2 30. cxd6 Rd8 31. Rxf4 Rxd6 32. Rc8+ Kg7 33. Rc7+ Kg8 34.
Rxb7 Rxd5 35. Rc4 Rf5 36. a4 Rf7 37. Rc8+ Kg7 38. Rcc7 Rxc7 39. Rxc7+ Kg8 40.
Rc6 Rb2 41. Rxg6+ Kh7 42. Rb6 h5 43. a5 h4 44. Kh2 Rb3 45. Rxa6 Rxb4 46. Kh3 Ra4
47. Ra8 Kg7 48. Ra7+ Kg6 49. Ra8 Kg7 50. a6 Kh7 51. Kh2 Kg7 52. Kg1 Ra2 53. a7
Kh7 54. Kf1 Kg7 55. Ke1 Kh7 56. Kd1 Kg7 57. Kc1 Kh7 58. Kb1 Ra6 59. Kc2 Kg7 60.
Kd3 Ra1 61. Ke4 Ra4+ 62. Kf5 Ra5+ 63. Kg4 Ra4+ 64. Kh5 Ra5+ 65. Kxh4 Ra4+ 66. g4
Ra5 67. Rb8 Rxa7 68. Rb5 Ra6 69. Rg5+ Kh7 70. Rh5+ Kg7 71. Kg5 Ra5+ 72. Kh4
Rxh5+ 73. Kxh5 Kh7 74. Kg5 Kg7 75. Kf4 Kf6 76. g5+ Kg6 77. Kg4 Kg7 78. Kh5 Kh7
79. Kh4 Kg6 80. Kg4 Kg7 81. Kf5 Kf7 82. g6+ Kg7 83. Kg5 Kg8 84. Kh6 Kh8 85. Kg5
Kg7 86. Kf5 Kg8 87. Kg4 Kg7 88. Kh5 Kg8 89. Kh6 Kh8 90. Kh5 Kg7 91. Kg4 Kg8 92.
Kf5 Kg7 93. Ke6 Kg8 94. Kf6 1-0

[Event "Chess24 Banter Blitz Cup"]
[Site "chess24.com INT"]
[Date "2020.03.24"]
[Round "2.8"]
[White "Abdusattorov, Nodirbek"]
[Black "Dominguez Perez, Leinier"]
[Result "1-0"]
[WhiteTitle "GM"]
[BlackTitle "GM"]
[WhiteElo "2608"]
[BlackElo "2763"]
[WhiteFideId "14204118"]
[BlackFideId "3503240"]
[EventDate "2019.09.25"]
[EventType "blitz"]

1. e4 c5 2. Nf3 d6 3. d4 cxd4 4. Qxd4 Nf6 5. Be2 Nc6 6. Qe3 g6 7. O-O Bg7 8. c4
O-O 9. Nc3 Bg4 10. b3 Qa5 11. Bb2 Nd7 12. Rfd1 Rfc8 13. Qd2 Rab8 14. Rab1 a6 15.
a3 Bxf3 16. Bxf3 Nde5 17. Be2 b5 18. b4 Qb6 19. cxb5 axb5 20. Bxb5 Nd4 21. Be2
Nxe2+ 22. Qxe2 e6 23. Rbc1 Nc4 24. Na4 Qa6 25. Bxg7 Qxa4 26. Bf6 Nxa3 27. Qe3
Rxc1 28. Rxc1 1-0

[Event "Chess24 Banter Blitz Cup"]
[Site "chess24.com INT"]
[Date "2020.03.24"]
[Round "2.9"]
[White "Dominguez Perez, Leinier"]
[Black "Abdusattorov, Nodirbek"]
[Result "1/2-1/2"]
[WhiteTitle "GM"]
[BlackTitle "GM"]
[WhiteElo "2763"]
[BlackElo "2608"]
[WhiteFideId "3503240"]
[BlackFideId "14204118"]
[EventDate "2019.09.25"]
[EventType "blitz"]

1. d4 Nf6 2. Nf3 e6 3. e3 c5 4. Bd3 d5 5. b3 Nc6 6. Bb2 Bd6 7. dxc5 Bxc5 8. a3
O-O 9. Nbd2 a5 10. O-O Bd7 11. c4 Qe7 12. Qc2 h6 13. Bxf6 gxf6 14. cxd5 exd5 15.
Bf5 Be6 16. Bxe6 fxe6 17. Rfd1 Rac8 18. Nf1 Bd6 19. Qd3 Qh7 20. Qb5 Qe7 21. Qd3
Qh7 22. Qxh7+ Kxh7 23. e4 d4 24. Nxd4 Be5 25. Nxc6 Bxa1 26. Rd7+ Kh8 27. Nxa5
Rc1 28. g3 Ra8 29. Nxb7 Rxa3 30. Rd3 e5 31. Kg2 Bd4 32. Rf3 Ra2 33. Ne3 Rc3 34.
Ng4 Rxf3 35. Kxf3 h5 36. Ne3 Rb2 37. Na5 Kg7 38. h4 Kg6 39. Nd1 Rd2 40. Ne3 Rb2
41. Nd1 Rb1 42. Ne3 Bb6 43. Nac4 Rxb3 44. Nxb6 Rxb6 45. Nf5 Rb3+ 46. Ne3 Kf7 47.
g4 hxg4+ 48. Kxg4 Rb4 49. Kf5 Rb2 50. Ng4 Re2 51. f3 Re1 52. Nxf6 Rf1 53. Kxe5
Rxf3 54. Nd5 Rh3 55. h5 Rxh5+ 56. Kd4 Rh4 57. Nc3 Ke6 58. Nd5 Rh1 59. Nc3 Ra1
60. Kc4 Rc1 61. Kd3 Ra1 62. Kd2 Ra3 63. Kd3 Ra5 64. Kc2 Re5 65. Kb3 Rxe4 66.
Nxe4 1/2-1/2

[Event "Chess24 Banter Blitz Cup"]
[Site "chess24.com INT"]
[Date "2020.03.24"]
[Round "2.10"]
[White "Abdusattorov, Nodirbek"]
[Black "Dominguez Perez, Leinier"]
[Result "0-1"]
[WhiteTitle "GM"]
[BlackTitle "GM"]
[WhiteElo "2608"]
[BlackElo "2763"]
[WhiteFideId "14204118"]
[BlackFideId "3503240"]
[EventDate "2019.09.25"]
[EventType "blitz"]

1. e4 c5 2. Nf3 d6 3. d4 cxd4 4. Nxd4 Nf6 5. Nc3 a6 6. Bd3 e5 7. Nde2 Be7 8. O-O
Be6 9. f4 exf4 10. Nxf4 Nc6 11. a4 Ne5 12. Be3 O-O 13. Bd4 Rc8 14. Qd2 Re8 15.
Ncd5 Bxd5 16. exd5 Nfd7 17. Bf5 Bg5 18. Rae1 g6 19. Bh3 Rc7 20. Qf2 Bf6 21. c3
Bg7 22. Re2 Nc5 23. Rfe1 h5 24. a5 Bh6 25. b4 Ncd7 26. Ne6 fxe6 27. Bxe6+ Kh7
28. Qg3 Bg7 29. Rf1 Rf8 30. Ref2 Rxf2 31. Rxf2 Nf6 32. Qh4 Qe7 33. h3 Nxd5 34.
Qxe7 Nxe7 35. Re2 Nf5 36. Bb6 Rxc3 37. Bd5 Nc6 38. Re8 Nxb4 39. Bxb7 Bd4+ 40.
Bxd4 Nxd4 41. Rd8 d5 42. Bxd5 Nxd5 43. Rxd5 Nb5 44. Rd7+ Kh6 45. Rb7 Ra3 46. Rb6
Rxa5 47. Kh2 Ra2 48. h4 Nd4 49. Rd6 Nf5 50. Rd5 Nxh4 51. Kg3 Nxg2 52. Ra5 Rxa5 0-1

[Event "Chess24 Banter Blitz Cup"]
[Site "chess24.com INT"]
[Date "2020.03.24"]
[Round "2.11"]
[White "Dominguez Perez, Leinier"]
[Black "Abdusattorov, Nodirbek"]
[Result "1-0"]
[WhiteTitle "GM"]
[BlackTitle "GM"]
[WhiteElo "2763"]
[BlackElo "2608"]
[WhiteFideId "3503240"]
[BlackFideId "14204118"]
[EventDate "2019.09.25"]
[EventType "blitz"]

1. d4 Nf6 2. Nf3 e6 3. e3 d5 4. Bd3 b6 5. b3 Bb7 6. O-O Bd6 7. c4 O-O 8. cxd5
exd5 9. Ba3 a6 10. Bxd6 Qxd6 11. Nc3 Nbd7 12. Rc1 Rfe8 13. Qe2 c5 14. Rfd1 Qe7
15. Qb2 Rac8 16. Bf5 g6 17. Bh3 Rc7 18. g3 b5 19. dxc5 Nxc5 20. Nd4 b4 21. Nce2
Nce4 22. Rxc7 Qxc7 23. Rc1 Qb6 24. a3 a5 25. axb4 axb4 26. Nf4 Nc3 27. Bg2 Ba6
28. Ra1 Rc8 29. Bf3 Bb7 30. h4 Nfe4 31. Kg2 Ra8 32. Rxa8+ Bxa8 33. Qa1 Bb7 34.
Nfe2 Nc5 35. Nxc3 bxc3 36. Qxc3 Ne4 37. Bxe4 dxe4 38. b4 Ba6 39. Qc5 Qxc5 40.
bxc5 Kf8 41. g4 h6 42. g5 hxg5 43. hxg5 Ke7 44. Kg3 f6 45. Kf4 Bd3 46. Nc6+ Ke6
47. Nb4 Bb1 48. gxf6 Kxf6 49. Nd5+ Ke6 50. Nc3 Bd3 51. Nxe4 Kd5 52. Nf6+ Kxc5
53. Ke5 Kc4 54. Nd5 Kb3 55. Kd4 Bf5 56. f4 Be6 57. e4 Kc2 58. e5 Kd2 59. Nc7 Bd7
60. e6 Bc6 61. Kc5 Ba4 62. e7 Bd7 63. Kd6 Ba4 64. Ke5 Ke3 65. e8=Q Bxe8 66. Nxe8
Kf3 67. Nf6 Kg3 68. Ne4+ Kg4 69. Ng5 Kg3 70. Nf7 Kg4 71. Ke4 Kg3 72. Ne5 Kh4 73.
Nxg6+ Kh5 74. Kf5 1-0

[Event "Chess24 Banter Blitz Cup"]
[Site "chess24.com INT"]
[Date "2020.03.24"]
[Round "2.12"]
[White "Abdusattorov, Nodirbek"]
[Black "Dominguez Perez, Leinier"]
[Result "1-0"]
[WhiteTitle "GM"]
[BlackTitle "GM"]
[WhiteElo "2608"]
[BlackElo "2763"]
[WhiteFideId "14204118"]
[BlackFideId "3503240"]
[EventDate "2019.09.25"]
[EventType "blitz"]

1. e4 c5 2. Nf3 d6 3. d4 cxd4 4. Qxd4 Nf6 5. Be2 Nc6 6. Qe3 g6 7. h3 Bg7 8. c4
O-O 9. O-O Be6 10. Nc3 Rc8 11. Rb1 a6 12. b3 Nd7 13. Bb2 Nde5 14. Rfd1 Qa5 15.
Nxe5 Bxe5 16. a3 Rfe8 17. b4 Qc7 18. Nd5 Bxd5 19. exd5 Bxb2 20. Rxb2 Ne5 21. Rc2
b6 22. f4 Nd7 23. Bd3 a5 24. Re2 axb4 25. axb4 Ra8 26. Rde1 Ra4 27. Qd2 Nf6 28.
c5 bxc5 29. Bb5 Raa8 30. Bxe8 Rxe8 31. Rc1 Qb6 32. bxc5 dxc5 33. Kh2 Qd6 34. g3
Nxd5 35. h4 h5 36. f5 gxf5 37. Rd1 e6 38. Qg5+ Kf8 39. Qxh5 Ke7 40. Qxf5 Rg8 41.
Qf3 Kf8 42. Rf1 Rg7 43. Ref2 c4 44. h5 Qe5 45. h6 Rh7 46. Kg1 Qg5 47. Rh2 Qe3+
48. Qxe3 Nxe3 49. Rf3 Ng4 50. Rh4 Nxh6 51. Rxc4 Kg7 52. Rh4 Nf5 53. Rxh7+ Kxh7
54. Kf2 Kg6 55. Rf4 Nh6 56. Ra4 e5 57. Kf3 f6 58. Ra6 Kg5 59. Ra5 Ng4 60. Ra4 f5
61. Ra8 e4+ 62. Ke2 Nf6 63. Rf8 Nh5 64. Rg8+ Kf6 65. g4 fxg4 66. Rxg4 Kf5 67.
Rh4 Nf4+ 68. Kf1 e3 69. Rh8 Ke4 70. Re8+ Kf3 71. Ke1 e2 72. Kd2 Ng2 73. Rxe2 Nf4
74. Re3+ Kf2 75. Re4 Ng2 76. Rd4 Kg3 77. Rd3+ Kh2 78. Kc3 Kg1 79. Rd2 Kh2 80.
Kc2 Kg3 81. Rd3+ Kh2 82. Rd8 Kg1 83. Rh8 Kf2 84. Kd3 Kg1 85. Ke4 Kf2 86. Kf5 Kg1
87. Rg8 1-0

[Event "Chess24 Banter Blitz Cup"]
[Site "chess24.com INT"]
[Date "2020.03.24"]
[Round "2.13"]
[White "Dominguez Perez, Leinier"]
[Black "Abdusattorov, Nodirbek"]
[Result "1-0"]
[WhiteTitle "GM"]
[BlackTitle "GM"]
[WhiteElo "2763"]
[BlackElo "2608"]
[WhiteFideId "3503240"]
[BlackFideId "14204118"]
[EventDate "2019.09.25"]
[EventType "blitz"]

1. d4 Nf6 2. Nf3 e6 3. e3 d5 4. Bd3 b6 5. b3 Bb7 6. O-O Bd6 7. c4 O-O 8. cxd5
exd5 9. Ba3 Re8 10. Bxd6 Qxd6 11. Nc3 a6 12. Rc1 Nbd7 13. Qe2 c5 14. Rfd1 Qe7
15. Qb2 Rac8 16. Bf5 g6 17. Bxd7 Qxd7 18. Na4 Qd6 19. dxc5 bxc5 20. Nxc5 Rxc5
21. Rxc5 Qxc5 22. Qxf6 Qc2 23. Qa1 d4 24. Nxd4 Qe4 25. Nf3 Rc8 26. h3 Qc2 27.
Rd2 Qf5 28. Qd1 Qf6 29. Rd4 h6 30. a4 a5 31. Rf4 Qe6 32. Nd4 Qd5 33. Qg4 h5 34.
Qg3 Rc1+ 35. Kh2 Rb1 36. h4 Rb2 37. Rf6 Rb1 38. Rd6 Qe4 39. Qg5 Rb2 40. f3 Qd3
41. Rd8+ Kh7 42. Qf6 Rxg2+ 43. Kxg2 Bxf3+ 44. Kg3 1-0

[Event "Chess24 Banter Blitz Cup"]
[Site "chess24.com INT"]
[Date "2020.03.24"]
[Round "2.14"]
[White "Abdusattorov, Nodirbek"]
[Black "Dominguez Perez, Leinier"]
[Result "1-0"]
[WhiteTitle "GM"]
[BlackTitle "GM"]
[WhiteElo "2608"]
[BlackElo "2763"]
[WhiteFideId "14204118"]
[BlackFideId "3503240"]
[EventDate "2019.09.25"]
[EventType "blitz"]

1. e4 c5 2. Nf3 d6 3. d4 cxd4 4. Qxd4 Nf6 5. Be2 Nc6 6. Qe3 g6 7. h3 Bg7 8. O-O
O-O 9. c4 Bd7 10. Nc3 Qa5 11. Rb1 a6 12. a3 Rfc8 13. b4 Qd8 14. Rd1 a5 15. b5
Ne5 16. Nxe5 dxe5 17. a4 Bf8 18. Ba3 e6 19. c5 Be7 20. g4 h6 21. h4 Qe8 22. f3
Kg7 23. Kg2 Nh7 24. b6 Bxh4 25. Nb5 Bg5 26. Qc3 Bf4 27. Nd6 Qe7 28. Nxc8 Rxc8
29. Qe1 Bc6 30. Bb5 h5 31. gxh5 Qg5+ 32. Kf1 Qxh5 33. Ke2 Ng5 34. Qf2 Nxe4 35.
Qg2 Nc3+ 36. Kf2 Nxd1+ 37. Rxd1 Qf5 38. Bd3 Qf6 39. Bb2 Rh8 40. Rh1 Rxh1 41.
Qxh1 Qg5 42. Qg2 Qh4+ 43. Ke2 Qd8 44. Be4 Bxe4 45. fxe4 Qd7 46. Bc3 Qxa4 47. Qf3
Qc2+ 48. Kf1 a4 49. c6 bxc6 50. b7 Qb1+ 51. Kg2 Qxb7 52. Qxf4 f6 53. Qe3 Qb3 54.
Qc5 Qb2+ 55. Bxb2 1-0

[Event "Chess24 Banter Blitz Cup"]
[Site "chess24.com INT"]
[Date "2020.03.28"]
[Round "3.1"]
[White "Abdusattorov, Nodirbek"]
[Black "Chigaev, Maksim"]
[Result "1-0"]
[WhiteTitle "GM"]
[BlackTitle "GM"]
[WhiteElo "2608"]
[BlackElo "2644"]
[WhiteFideId "14204118"]
[BlackFideId "4108116"]
[EventDate "2019.09.25"]
[EventType "blitz"]

1. e4 e5 2. Nf3 Nc6 3. Bb5 a6 4. Ba4 Nf6 5. O-O b5 6. Bb3 Bc5 7. c3 d6 8. d4 Bb6
9. Be3 exd4 10. cxd4 O-O 11. Nbd2 Bg4 12. h3 Bh5 13. Rb1 Bg6 14. Bc2 Re8 15. Re1
Nb4 16. Bg5 Nxc2 17. Qxc2 h6 18. Bh4 d5 19. Ne5 Bxe4 20. Nxe4 dxe4 21. Rbd1 Re6
22. Ng4 g5 23. Nxh6+ Kf8 24. Bxg5 Qd5 25. Bxf6 Rxf6 26. Ng4 Re6 27. Ne3 Qg5 28.
d5 Rf6 29. Qxe4 Re8 30. Qg4 Qe5 31. Re2 Rg6 32. Qh4 Kg8 33. Rde1 Qg5 34. Qxg5
Rxg5 35. Ng4 Rxe2 36. Rxe2 Kg7 37. Re5 Rg6 38. g3 Rd6 39. Ne3 Kf8 40. Nf5 Rd7
41. g4 f6 42. Re6 Kf7 43. h4 Rxd5 44. Re7+ Kf8 45. Rh7 Rd2 46. h5 Rxf2 47. Kh1
Rf1+ 48. Kg2 Rg1+ 49. Kf3 Rf1+ 50. Ke4 Re1+ 51. Kd5 Rg1 52. Rh8+ Kf7 53. h6 Rxg4
54. h7 Rg5 55. Rf8+ Kxf8 56. h8=Q+ Kf7 57. Qh7+ Kf8 58. Ke6 Rxf5 59. Qf7# 1-0

[Event "Chess24 Banter Blitz Cup"]
[Site "chess24.com INT"]
[Date "2020.03.28"]
[Round "3.2"]
[White "Chigaev, Maksim"]
[Black "Abdusattorov, Nodirbek"]
[Result "0-1"]
[WhiteTitle "GM"]
[BlackTitle "GM"]
[WhiteElo "2644"]
[BlackElo "2608"]
[WhiteFideId "4108116"]
[BlackFideId "14204118"]
[EventDate "2019.09.25"]
[EventType "blitz"]

1. e4 c5 2. Nf3 d6 3. d4 cxd4 4. Nxd4 Nf6 5. Nc3 a6 6. Be3 e5 7. Nf3 Be7 8. Nd2
b5 9. a4 b4 10. Nd5 Nxd5 11. exd5 O-O 12. Nc4 Nd7 13. a5 f5 14. f3 Rb8 15. Be2
Bh4+ 16. g3 f4 17. Bf2 Bf6 18. Qd2 Qc7 19. O-O Bb7 20. Rac1 Rfc8 21. b3 Nc5 22.
Nb6 Re8 23. Qxb4 e4 24. gxf4 Qf7 25. Bxc5 dxc5 26. Qc4 Bd4+ 27. Kh1 Qxf4 28.
fxe4 Qxe4+ 29. Bf3 Qh4 30. d6+ Kh8 31. Bxb7 Rxb7 32. d7 Qe4+ 0-1

[Event "Chess24 Banter Blitz Cup"]
[Site "chess24.com INT"]
[Date "2020.03.28"]
[Round "3.3"]
[White "Abdusattorov, Nodirbek"]
[Black "Chigaev, Maksim"]
[Result "1-0"]
[WhiteTitle "GM"]
[BlackTitle "GM"]
[WhiteElo "2608"]
[BlackElo "2644"]
[WhiteFideId "14204118"]
[BlackFideId "4108116"]
[EventDate "2019.09.25"]
[EventType "blitz"]

1. c4 g6 2. Nc3 Bg7 3. g3 e5 4. Bg2 Nc6 5. Nf3 Nge7 6. O-O d6 7. d3 O-O 8. Rb1
f5 9. Nd2 a5 10. a3 Be6 11. Nd5 Qd7 12. b4 axb4 13. axb4 Rae8 14. b5 Nd8 15. Ba3
b6 16. e3 h6 17. Bb2 Kh7 18. Ra1 Nc8 19. Ra8 Bf7 20. Qa4 Ne6 21. Nb3 Ne7 22.
Rxe8 Rxe8 23. Qa7 Nxd5 24. Bxd5 Qe7 25. Bg2 h5 26. Nd2 g5 27. Nb1 Nc5 28. Qa3 f4
29. Nc3 g4 30. Nd5 Bxd5 31. Bxd5 Rf8 32. exf4 exf4 33. Bxg7 Qxg7 34. Re1 Qd4 35.
Qa1 Qxa1 36. Rxa1 Nxd3 37. Ra7 f3 38. Be4+ Kh6 39. Bxd3 Re8 40. Rxc7 Re1+ 41.
Bf1 h4 42. Rc6 hxg3 43. hxg3 Kg5 44. Rxd6 Rd1 45. Rxb6 1-0

[Event "Chess24 Banter Blitz Cup"]
[Site "chess24.com INT"]
[Date "2020.03.28"]
[Round "3.4"]
[White "Chigaev, Maksim"]
[Black "Abdusattorov, Nodirbek"]
[Result "1-0"]
[WhiteTitle "GM"]
[BlackTitle "GM"]
[WhiteElo "2644"]
[BlackElo "2608"]
[WhiteFideId "4108116"]
[BlackFideId "14204118"]
[EventDate "2019.09.25"]
[EventType "blitz"]

1. e4 e5 2. Nf3 Nc6 3. d4 exd4 4. Nxd4 Nf6 5. Nxc6 bxc6 6. Bd3 d5 7. exd5 cxd5
8. O-O Bd6 9. c4 dxc4 10. Bxc4 O-O 11. Nc3 Bb7 12. Bg5 Be5 13. Qxd8 Raxd8 14.
Rac1 h6 15. Bh4 Rd2 16. Bb3 Rxb2 17. Bg3 Bxg3 18. hxg3 Rd2 19. Na4 Rc8 20. Rfe1
Bd5 21. Re7 c5 22. Rxa7 c4 23. Nb6 cxb3 24. Nxc8 b2 25. Re1 Be4 26. f3 b1=Q 27.
Rxb1 Bxb1 28. a4 Ra2 29. a5 Nd5 30. Nd6 Bd3 31. Nxf7 Ne3 32. Ne5 Rxg2+ 33. Kh1
Bf1 34. Ra8+ Kh7 35. a6 Ra2 36. a7 Nc4 37. Nd7 Be2 38. Nf8+ Kg8 39. Ne6+ Kf7 40.
Nd4 Bd3 41. Kg1 h5 42. Nc6 Ra1+ 43. Kf2 Ra2+ 44. Kg1 Nd2 45. Ne5+ Ke6 46. Re8+
Kf5 47. Nxd3 Nxf3+ 48. Kf1 Rxa7 49. Rf8+ Kg4 50. Nf2+ Kxg3 51. Ne4+ Kg4 52. Nf2+
Kg3 53. Ne4+ Kh2 54. Nf2 Ra1+ 55. Nd1 Ng1 56. Rf2+ Kh1 57. Rd2 1-0

[Event "Chess24 Banter Blitz Cup"]
[Site "chess24.com INT"]
[Date "2020.03.28"]
[Round "3.5"]
[White "Abdusattorov, Nodirbek"]
[Black "Chigaev, Maksim"]
[Result "1-0"]
[WhiteTitle "GM"]
[BlackTitle "GM"]
[WhiteElo "2608"]
[BlackElo "2644"]
[WhiteFideId "14204118"]
[BlackFideId "4108116"]
[EventDate "2019.09.25"]
[EventType "blitz"]

1. e4 e5 2. Nf3 Nc6 3. Bb5 a6 4. Ba4 Nf6 5. O-O b5 6. Bb3 Bc5 7. c3 d6 8. d4 Bb6
9. Be3 exd4 10. cxd4 O-O 11. h3 Na5 12. Bc2 Nc4 13. Bc1 Bb7 14. b3 Na5 15. Bd2
Nxe4 16. Bxa5 Bxa5 17. Qd3 f5 18. Nbd2 Qf6 19. a3 Rae8 20. b4 Bb6 21. Rfe1 Kh8
22. Re2 Nxd2 23. Qxd2 Bxf3 24. gxf3 Rxe2 25. Qxe2 Bxd4 26. Re1 Qg5+ 27. Kf1 Be5
28. Qd3 Qh4 29. Kg2 g6 30. Bb3 Qf4 31. Kf1 Kg7 32. Qe3 Qxe3 33. fxe3 c5 34. bxc5
dxc5 35. f4 Bf6 36. Rd1 c4 37. Bc2 Rd8 38. Ke2 Rxd1 39. Bxd1 Be7 40. a4 b4 41.
Kd2 a5 42. Be2 c3+ 43. Kd3 Bd6 44. Bd1 Kf6 45. Bb3 h6 46. Ke2 g5 47. Kf3 h5 48.
fxg5+ Kxg5 49. Bc2 h4 50. Bb3 Kf6 51. Bc2 Ke5 52. Bb3 Bc5 53. Bc2 Bb6 54. Bb3
Bd8 55. Bc2 Bg5 56. Bb3 f4 57. exf4+ Bxf4 58. Ke2 Kd4 59. Kf3 c2 60. Bxc2 Kc3
61. Be4 Bg3 62. Ke2 Kb3 63. Bc6 Ka3 64. Kd3 Kb2 65. Kc4 b3 66. Bd5 Ka3 67. Kb5
b2 68. Be4 Be1 69. Bb1 Kb3 70. Kc5 Bb4+ 71. Kd4 Kxa4 72. Kc4 Ka3 73. Kd3 a4 74.
Kd4 Be7 75. Kd3 Bd6 76. Bc2 Bg3 77. Bb1 Kb3 78. Bc2+ Ka2 79. Bb3+ 1-0

[Event "Chess24 Banter Blitz Cup"]
[Site "chess24.com INT"]
[Date "2020.03.28"]
[Round "3.6"]
[White "Chigaev, Maksim"]
[Black "Abdusattorov, Nodirbek"]
[Result "1-0"]
[WhiteTitle "GM"]
[BlackTitle "GM"]
[WhiteElo "2644"]
[BlackElo "2608"]
[WhiteFideId "4108116"]
[BlackFideId "14204118"]
[EventDate "2019.09.25"]
[EventType "blitz"]

1. e4 e5 2. Nf3 Nc6 3. d4 exd4 4. Nxd4 Nf6 5. Nxc6 bxc6 6. Bd3 d5 7. exd5 cxd5
8. O-O Bd6 9. Nd2 O-O 10. Nf3 h6 11. h3 c5 12. c4 d4 13. Re1 Bb7 14. Bd2 Qc7 15.
Rc1 Rae8 16. Bf1 Ne4 17. Qc2 f5 18. Rcd1 g5 19. Bd3 Re7 20. b4 Rfe8 21. bxc5
Bxc5 22. Re2 g4 23. hxg4 fxg4 24. Nh4 Nc3 25. Bxc3 dxc3 26. Bh7+ Kf8 27. Ng6+
Kg7 28. Nxe7 Rxe7 29. Qg6+ 1-0

[Event "Chess24 Banter Blitz Cup"]
[Site "chess24.com INT"]
[Date "2020.03.28"]
[Round "3.7"]
[White "Abdusattorov, Nodirbek"]
[Black "Chigaev, Maksim"]
[Result "0-1"]
[WhiteTitle "GM"]
[BlackTitle "GM"]
[WhiteElo "2608"]
[BlackElo "2644"]
[WhiteFideId "14204118"]
[BlackFideId "4108116"]
[EventDate "2019.09.25"]
[EventType "blitz"]

1. d4 Nf6 2. c4 g6 3. g3 Bg7 4. Bg2 O-O 5. Nf3 d6 6. Nc3 Nc6 7. O-O a6 8. b3 Bd7
9. Bb2 Rb8 10. d5 Na7 11. b4 b5 12. c5 dxc5 13. bxc5 b4 14. Nb1 c6 15. dxc6 Bxc6
16. Nbd2 Nb5 17. Be5 Rc8 18. Nc4 Qxd1 19. Rfxd1 Bxf3 20. Bxf3 Rxc5 21. Rac1 Nc3
22. Bxc3 bxc3 23. Rxc3 Rfc8 24. Rdc1 Nd5 25. Rb3 e6 26. e4 Nc3 27. Nd6 Ne2+ 28.
Bxe2 Rxc1+ 29. Kg2 Rd8 30. Nb7 Rd2 31. Bxa6 Rxa2 32. Bd3 Rb2 33. Rxb2 Bxb2 34.
Na5 Rd1 35. Be2 Rd2 36. Kf1 Bc3 37. Nc4 Ra2 38. h4 h5 39. Ne3 Bd4 40. Nd1 e5 41.
Bc4 Rc2 42. Bd5 Kg7 43. Ke1 f5 44. exf5 gxf5 45. Kf1 Kg6 46. Be6 e4 47. Ke1 Kf6
48. Bd7 Ke5 49. Be8 f4 50. gxf4+ Kxf4 51. Bxh5 Bf6 52. Be2 Bxh4 53. Kf1 Rd2 54.
Ke1 Ra2 55. Kf1 Ra1 56. Kg2 Ra2 57. Kf1 Ra1 58. Kg2 Ra2 59. Nc3 Rd2 60. Kf1 Bf6
61. Nd1 Bd4 62. Ne3 Bxe3 63. fxe3+ Kxe3 64. Bh5 Rf2+ 65. Kg1 Rf5 66. Be8 Rg5+
67. Kh2 Kf3 68. Kh3 Rg7 69. Kh4 e3 70. Bh5+ Kf2 71. Bg6 Rxg6 72. Kh5 Rg3 73. Kh4
e2 74. Kh5 e1=Q 75. Kh6 Qh1# 0-1

[Event "Chess24 Banter Blitz Cup"]
[Site "chess24.com INT"]
[Date "2020.03.28"]
[Round "3.8"]
[White "Chigaev, Maksim"]
[Black "Abdusattorov, Nodirbek"]
[Result "1-0"]
[WhiteTitle "GM"]
[BlackTitle "GM"]
[WhiteElo "2644"]
[BlackElo "2608"]
[WhiteFideId "4108116"]
[BlackFideId "14204118"]
[EventDate "2019.09.25"]
[EventType "blitz"]

1. e4 e5 2. Nf3 Nc6 3. Bc4 Bc5 4. d3 d6 5. c3 Nf6 6. Bb3 a6 7. Nbd2 Ba7 8. h3
O-O 9. Nf1 d5 10. exd5 Nxd5 11. Ng3 Nf4 12. Bxf4 exf4 13. Ne2 Qf6 14. O-O Ne7
15. d4 Ng6 16. Bc2 c6 17. Re1 Be6 18. Qd2 Rad8 19. Bxg6 fxg6 20. Kh1 Bd5 21.
Neg1 c5 22. a3 cxd4 23. cxd4 h5 24. Rad1 g5 25. Ne5 g4 26. f3 gxf3 27. Ngxf3 Bb8
28. Qc2 Bxe5 29. dxe5 Qe7 30. Qc3 Bc6 31. Qc4+ Kh8 32. Rxd8 Qxd8 33. e6 Qe7 34.
Ne5 Be8 35. Nf3 Rf6 36. Qd5 g6 37. Kh2 Kg8 38. Qe5 Bc6 39. Nd4 f3 40. gxf3 h4
41. f4 Kh7 42. Rg1 Qf8 43. Rg4 Kg8 44. Rxh4 Qg7 45. Rg4 Rf8 46. e7 Re8 47. Qe6+
Kh7 48. f5 Rxe7 49. Rh4+ Qh6 50. Qxe7+ Kg8 51. Rxh6 gxf5 52. Ne6 1-0